|
|
|
|
| LEADER |
00000nam a2200000 a 4500 |
| 001 |
vtls001076057 |
| 003 |
SK-MaSNL |
| 005 |
20260302063929.0 |
| 008 |
250414s1994 xo 0 slo |
| 015 |
|
|
|a SNBA1994/09
|
| 020 |
|
|
|a 8022706795
|
| 035 |
|
|
|a SNK000018890
|
| 040 |
|
|
|a SNK
|b slo
|c SNK
|e AACR2
|
| 041 |
0 |
|
|a slo
|
| 044 |
|
|
|a xo
|c SK
|
| 080 |
|
|
|a 621.3(075.8)
|2 1981
|
| 100 |
1 |
|
|a Benda, Oldrich,
|d 1924-1999
|4 aut
|9 160273
|
| 245 |
1 |
0 |
|a Základy elektrotechniky
|c Oldrich Benda, Dobromila Hanajíková
|
| 250 |
|
|
|a 3. vyd.
|
| 260 |
|
|
|a Bratislava
|b Slovenská technická univerzita
|c 1994
|e Bratislava
|f Vydavateľstvo STU
|
| 300 |
|
|
|a 230 s., 18,14 AH, 18,40 VH
|b Sch., lit. 13 zázn. v češ., nem. a slov.
|c 29 cm
|
| 366 |
|
|
|e 300 výt.
|
| 500 |
|
|
|a Schválil rektor SVŠT v Bratislave ako skriptá
|
| 655 |
|
7 |
|a učebnice
|2 SNK
|9 22521
|
| 700 |
1 |
|
|a Hanajíková, Dobromila
|4 aut
|9 291295
|
| 852 |
|
|
|a Slovenská národná knižnica
|
| 919 |
|
|
|a 80-227-0679-5
|
| 954 |
|
|
|a elektrotechnika
|
| 958 |
|
|
|a RM
|
| 958 |
|
|
|a NB
|
| 958 |
|
|
|a UV
|
| 999 |
|
|
|c 1134865
|d 1136795
|
| 952 |
|
|
|t P60, <04>, [BOOK], {604}
|a SNK
|b SNK
|y VYP
|7 0
|p 17A0074978
|o snkSB 52896 D1
|0 0
|1 0
|4 0
|d 1997-06-19
|l 0
|r 2004-12-31 00:00:00
|w 2026-02-24
|
| 952 |
|
|
|a SNK
|b SNK
|y PREZ
|7 0
|p 17A0926372
|o snkSB 52896
|0 0
|1 0
|4 0
|d 2012-07-17
|l 0
|r 2025-03-18 00:00:00
|w 2026-02-24
|